| 000 | 00715nam a22002417a 4500 | ||
|---|---|---|---|
| 005 | 20170124110104.0 | ||
| 010 | _aA-469088 | ||
| 020 | _c00.00 | ||
| 035 | _aA-469088 | ||
| 037 | _bCen Lib/Ret | ||
| 040 |
_aDPL _bEN |
||
| 082 |
_a954.11 _bAKB |
||
| 100 |
_aAkbar, M.J. _927683 |
||
| 245 |
_aKashmir behind the vale / _cby M.J.Akbar |
||
| 260 |
_aNew Delhi _bViking _c1991 |
||
| 270 |
_a72-B, Himalaya House, 23,Kasturba Gandhi Marg _bNew Delhi _e110001 |
||
| 300 |
_a232p. _c21cm(Hb) |
||
| 500 | _aIncludes bibliographical reference and index | ||
| 650 |
_aPolitical science _927684 |
||
| 650 |
_aJammu and Kashmir _zIndia _927685 |
||
| 700 | _927657 | ||
| 942 |
_2ddc _cEN _h954.11 _mAKB |
||
| 999 |
_c129885 _d129885 |
||